| 000 | 00628nam a2200217Ia 4500 | ||
|---|---|---|---|
| 005 | 20250923150017.0 | ||
| 008 | 008 250917s9999 xx 000 0 eng d | ||
| 037 | _aTextual | ||
| 040 |
_aDSWL _beng _cDSWL |
||
| 041 |
_aeng _2eng |
||
| 084 |
_aW,64x2, N98 _qDSWL |
||
| 100 |
_aRaj, S.L. _9841261 |
||
| 245 | 0 |
_aPeople's Power and Panchayati Raj Theory and Practice _c by S.L. Raj |
|
| 260 |
_aNew Delhi _bIndian Social Institute _c1998 |
||
| 300 | _aiv,202 p. | ||
| 365 |
_aINR _b110.00 |
||
| 700 |
_a E. Mathias _9841262 |
||
| 925 | _g110.00 | ||
| 942 |
_cTEXL _hW,64x2, N98 |
||
| 999 |
_c1458465 _d1458465 |
||